| 000 | 00487nam a2200181Ia 4500 | ||
|---|---|---|---|
| 999 |
_c13350 _d13350 |
||
| 003 | OSt | ||
| 005 | 20201021110847.0 | ||
| 008 | 190216s9999||||xx |||||||||||||| ||und|| | ||
| 020 | _a9780140422108 | ||
| 040 | _coclc | ||
| 082 |
_a821.7 _bKEA/C |
||
| 100 |
_aKeats, John _94930 |
||
| 245 | 4 |
_aThe Complete Poems / _cJohn Keats |
|
| 260 |
_bPenguin Books , _c1985. _aLondon: |
||
| 300 | _a731p | ||
| 650 | _aPoetry | ||
| 942 |
_cBK _2ddc _h821.7 _iKEA/C _k821.7 _mKEA/C |
||